000 00606nam a2200193 4500
001 139988
003 ES-MaACL
005 20250526063010.0
007 t|
008 070214s1907 fr r ||||1| fre d
100 1 _aSchopenhauer, Arthur,
_d1788-1860
_9240710
245 1 0 _aPhilosophie et philosophes /
_cArthur Schopenhauer ; préface et notes par Auguste Dietrich.
250 _apremière traduction française.
260 _aParis :
_bFélix Alcan,
_c1907.
300 _a208 p. ;
_c19 cm.
700 1 _aDietrich, Auguste.
_944621
852 _aES-MaACL
_jA-6604
999 _c139988
_d139988